| 000 | 00740nam a2200241 a 4500 | ||
|---|---|---|---|
| 001 | ASIN8182746140 | ||
| 005 | 20170105102934.0 | ||
| 008 | 150819s2012 xxu eng d | ||
| 020 |
_a8182746140 (hardcover) _c$65.99 |
||
| 020 | _a9788182746145 (hardcover) | ||
| 040 | _a0 | ||
| 050 | 0 | 4 | _aHV6773 |
| 082 | 0 | 4 | _a364.168 |
| 100 | 1 | _aBrenner. | |
| 245 | 1 | 0 |
_aCyber crime : _bcriminal threats from cyberspace / _cBrenner, Susan W. |
| 260 |
_a[S.l.] : _bPentagon Press, _c2012. |
||
| 300 |
_a294 p. ; _c25 cm. |
||
| 650 | 0 | _aComputer crimes | |
| 650 | 0 | _aComputer networks--Law and legislation | |
| 700 | 1 | _aW., Susan. | |
| 856 | 4 | 0 |
_3Amazon.com _uhttp://www.amazon.com/exec/obidos/ASIN/8182746140/chopaconline-20 |
| 942 |
_2ddc _cBK |
||
| 999 |
_c16183 _d16183 |
||